000 00537nam a2200193Ia 4500
005 20240925015810.0
008 240331s9999 xx 000 0 und d
020 _a0889203288
082 _bELD
_a791
100 _aElder, R.B
245 2 _aA body of vision :
_brepresentation of the body in recent film and poetry
260 _aCanada
_bWilfrid Laurier university press
_c1997
300 _aviii, 400 p .,
650 _a Body, Human, in motion Pictures
650 _aFilms
650 _aHistory
650 _aCriticism
942 _cL
999 _c3065
_d3065